000
00322nam a2200133Ia 4500
008
220610s9999 xx 000 0 und d
082
_a
891.463
_b
JHA
100
_a
"Jhagirdar, Vijaya"
_9
129323
245
_a
Ranyogini
250
_a
1st
260
_a
Nagpur
_b
Rucha Prakashan
_c
2008
300
_a
VIII;184P.
_b
PB
906
_a
0
999
_c
53429
_d
53429